Score 0/12 Timer 06:00
1 Play Today
% Correct
Halloween
99.6%
Easter
96.7%
St. Patrick's Day
96.1%
Christmas
95.7%
Valentine's Day
95.3%
Thanksgiving
94.7%
Independence Day
93.3%
Birthday
90.7%
Hanukkah
82.8%
Presidents' Day
62.7%
Mardi Gras
51.1%
April Fool's Day
35.4%
Remove Ads.
Support Sporcle.
Get the best of Sporcle when you Go Orange. This ad-free experience offers more features, more stats, and more fun while also helping to support Sporcle. Thank you for becoming a member.

You're not logged in!

Compare scores with friends on all Sporcle quizzes.
OR
Log In

Show Comments

Extras

Top Quizzes Today


Score Distribution

Your Account Isn't Verified!

In order to create a playlist on Sporcle, you need to verify the email address you used during registration. Go to your Sporcle Settings to finish the process.

Report this User

Report this user for behavior that violates our Community Guidelines.

Details: